000 00708nam a2200229 i 4500
001 106856
003 ES-MaACL
005 20250804062742.0
007 t|
008 070108s1971 fr |||| | fre d
080 _a1
100 1 _aBayle, Pierre.
_926673
245 1 0 _aOeuvres diverses /
_cPierre Bayle ; préface et notes par Alain Niderst.
260 _aParis :
_bEditions Sociales,
_c[1971]
300 _a197 p. ;
_c18 cm.
490 1 _aLes classiques du peuple
650 0 7 _aFilosofía
_2embne
_912802
700 1 _aNiderst, Alain.
_985614
830 0 _aLes classiques du peuple
_9189106
852 _aES-MaACL
_jE-11512
_z. - Biblioteca Jacinto Martínez Lacalle
999 _c106856
_d106856